Katseye - My Way (all lyrics) - Statistics

General Stats
  • This quiz has been taken 129 times
  • The average score is 267 of 354
Answer Stats
Answer % Correct
I
96%
My
96%
Up
94%
Way
93%
A
91%
It
91%
Did
88%
Say
88%
Wake
88%
‘Cause
87%
Mad
87%
Do
85%
Me
85%
Can
84%
So
84%
At
82%
Stayed
82%
That
82%
To
82%
Least
81%
And
79%
If
76%
Even
73%
What
73%
All
72%
House
72%
Make
72%
No
72%
See
72%
Million
70%
Mistakes
70%
Win
70%
Breaks
69%
Down
69%
Heart
69%
In
69%
Never
69%
Sometimes
69%
Loud
67%
Told
67%
With
67%
‘95
66%
I’m
66%
Like
66%
Oh
66%
Slowing
66%
Too
66%
Gets
64%
Your
64%
Flying
63%
Hands
63%
Keys
63%
Lose
63%
Mess
63%
Out
63%
Someone
63%
Wanna
63%
We
63%
Wrong
63%
Don’t
61%
Shouldn’t
61%
Big
60%
Burns
60%
Eastbound
60%
Gas
60%
Those
60%
Town
60%
What’s
60%
Pedal
58%
Careful
57%
Firework
57%
Barbie
55%
Curls
55%
M3
55%
Dad’s
54%
Dolls
54%
They
54%
Girls
52%
Meet
52%
Fit
51%
Miss
51%
Over
51%
Picking
51%
Pink
51%
Sneakin’
51%
Yeah
51%
Box
49%
Momma’s
49%
Pull
49%
Showing
49%
Stare
49%
Them
49%
Of
48%
‘Til
48%
Wait
48%
Young
46%
Being
45%
Dumb
45%
For
45%
Today
45%
Naive
43%
Now
43%
Their
43%
Tried
43%
Couldn’t
42%
Growing
42%
Hair
42%
Kinda
42%
Tryna
42%
Just
40%
Couple
39%
Found
39%
Realize
39%
Apart
37%
Live
37%
Seems
37%
Thick
36%
Still
31%
Ain’t
27%
No matching quizzes found
Score Distribution
Percent of People with Each Score
Percentile by Number Answered
Your Score History
You have not taken this quiz